The waste products of agriculture: (Record no. 8875)
[ view plain ]
| 000 -LEADER | |
|---|---|
| fixed length control field | 00816cam a22002532 4500 |
| 001 - CONTROL NUMBER | |
| control field | 7347238 |
| 003 - CONTROL NUMBER IDENTIFIER | |
| control field | OSt |
| 005 - DATE AND TIME OF LATEST TRANSACTION | |
| control field | 20240626101916.0 |
| 008 - FIXED-LENGTH DATA ELEMENTS--GENERAL INFORMATION | |
| fixed length control field | 970623s1931 enkaf b 000 0 eng |
| 010 ## - LIBRARY OF CONGRESS CONTROL NUMBER | |
| LC control number | agr32000089 |
| 020 ## - INTERNATIONAL STANDARD BOOK NUMBER | |
| International Standard Book Number | 8177541927 |
| 040 ## - CATALOGING SOURCE | |
| Transcribing agency | MUST |
| 082 ## - DEWEY DECIMAL CLASSIFICATION NUMBER | |
| Edition number | 22 |
| Classification number | 631 HOW 2007 |
| 100 1# - MAIN ENTRY--PERSONAL NAME | |
| Personal name | Howard, Albert, |
| 9 (RLIN) | 17925 |
| 245 14 - TITLE STATEMENT | |
| Title | The waste products of agriculture: |
| Remainder of title | their utilization as humus, |
| Statement of responsibility, etc. | by Albert Howard and Yeshwant D. Wad. |
| 260 ## - PUBLICATION, DISTRIBUTION, ETC. (IMPRINT) | |
| Place of publication, distribution, etc. | London, |
| -- | New York [etc.] |
| Name of publisher, distributor, etc. | H. Milford, Oxford university press, |
| Date of publication, distribution, etc. | 2007 |
| 300 ## - PHYSICAL DESCRIPTION | |
| Extent | xiv, 167 p. |
| Other physical details | ill. |
| Dimensions | 22 cm. |
| 504 ## - BIBLIOGRAPHY, ETC. NOTE | |
| Bibliography, etc | "Bibliography" at end of most chapters. |
| 650 #0 - SUBJECT ADDED ENTRY--TOPICAL TERM | |
| Topical term or geographic name as entry element | Waste products. |
| 9 (RLIN) | 17926 |
| 650 #0 - SUBJECT ADDED ENTRY--TOPICAL TERM | |
| Topical term or geographic name as entry element | Humus. |
| 9 (RLIN) | 17927 |
| 700 1# - ADDED ENTRY--PERSONAL NAME | |
| Personal name | Wad, Yeshwant D |
| 9 (RLIN) | 17928 |
| 906 ## - LOCAL DATA ELEMENT F, LDF (RLIN) | |
| a | 0 |
| b | cbc |
| c | premunv |
| d | u |
| e | ncip |
| f | 19 |
| g | y-gencatlg |
| 942 ## - ADDED ENTRY ELEMENTS (KOHA) | |
| Source of classification or shelving scheme | Dewey Decimal Classification |
| Koha item type | Open Shelf |
| Withdrawn status | Lost status | Source of classification or shelving scheme | Damaged status | Not for loan | Home library | Current library | Date acquired | Inventory number | Total Checkouts | Full call number | Barcode | Date last seen | Price effective from | Koha item type |
|---|---|---|---|---|---|---|---|---|---|---|---|---|---|---|
| Other/Generic Classification Scheme | MUST Main Library | MUST Main Library | 26/06/2024 | 08/30928 | 631 HOW 2007 | 2024-21361 | 26/06/2024 | 26/06/2024 | Open Shelf |
